000 00615nam a2200241Ia 4500
008 180523s9999 xx 000 0 und d
020 _a1-4039-0382-4
050 _aMAIN HG 4026
050 _b.K56 2004
100 _aKnott, Geoffrey.
245 0 _aFinancial management /
245 0 _cGeoffrey Knott.
250 _a4th Edition
260 _aNew York :
260 _bPalgrave Macmillan,
260 _c2004
300 _a373 pages:
300 _billustrations ;
300 _c23 cm.
500 _aIncludes index.
650 _aBusiness enterprises -- Finance.
650 _xCorporations -- Finance.
999 _c357262
_d357262